000 00307nam a22001337a 4500
008 170526b xxu||||| |||| 00| 0 eng d
020 _a9780872628564
041 _aeng
080 _a621.3
100 _a25
101 _aIM
245 _aDYNAMIC COMMUNICATION FOR ENGINEERS
_cMCCUEN, R.H
942 _2udc
_cBK
999 _c14404
_d14404